| 000 | 01028nac a22002537a 4500 | ||
|---|---|---|---|
| 001 | BR8107095 | ||
| 003 | BR-BrBNA | ||
| 005 | 20240105115119.0 | ||
| 008 | 230509b bl.|||m| |||| 00| 0 por d | ||
| 040 |
_aBR-BrBNA _bpor _cBiblioteca Nacional de Agricultura |
||
| 072 | _aE30; C00 | ||
| 090 | _aE30 BR8107095 | ||
| 110 | 1 |
_aAssociacao de Assistencia Tecnica e Extensao Rural do Territorio Federal do Amapa, Macapa (Brasil) _9401 |
|
| 245 | 1 | _aPROATER-82. Programa de Assistencia Tecnica e Extensao Rural [planejamento agricola, Associacao de Assistencia Tecnica e Extensao Rural do Territorio Federal do Amapa, Brasil] | |
| 260 | 3 |
_aMacapa, AP (Brasil): _c1981. |
|
| 300 | _a70 p. | ||
| 490 |
_aProgramas e Projetos - Associacao de Assistencia Tecnica e Extensao Rural do Territorio Federal do Amapa (Brazil) _vno. 1 _x |
||
| 650 | _aPLANEJAMENTO AGRICOLA | ||
| 650 | _aEXTENSAO RURAL | ||
| 650 | _aASSISTENCIA TECNICA | ||
| 650 | _aAMAPA | ||
| 909 |
_a202312 _bLúcia Elande _c55 _dLúcia Elande |
||
| 942 |
_2AGRIS _n0 _cMS |
||
| 999 |
_c273124 _d273124 |
||